| 000 | 00788cam a2200205 i 4500 | ||
|---|---|---|---|
| 005 | 20251201092609.0 | ||
| 008 | 250721s2002 ua gr 000 0 ara d | ||
| 020 | _a9771705979 | ||
| 100 | 1 |
_aإبراهيم، خالد إسماعيل _eمؤلف. |
|
| 245 | 1 | 0 |
_aنذير الشؤم / _cخالد إسماعيل إبراهيم |
| 264 | 3 | 1 |
_aالقاهرة : _bدار الكتب المصرية، _c2002. |
| 300 | _a250 صفحة. | ||
| 490 | 0 | _aما يواجهه العالم الآن في القرآن الكريم. | |
| 650 | 1 | 7 | _aالتفسير. |
| 650 | 1 | 7 | _aالقرآن الكريم. |
| 650 | 1 | 7 | _aفقه القرآن الكريم. |
| 830 | 0 | _aما يواجهه العالم الآن في القرآن الكريم. | |
| 942 |
_2ddc _cBK |
||
| 999 |
_c93924 _d93924 |
||